000 00296nam a22001337a 4500
020 _a978-93-84736-85-9
082 _a894.812.3
_bGEO/I
100 _aGEORGE,BEENA
245 _aTREASURE ISLAND
260 _aTHRISSUR
_bH&C PUBLISHING HOUSE
300 _a48
650 _aSTORY
_zKERALA
942 _cBK
999 _c6942
_d6942